000 02108cam a22004934i 4500
003 PE-LiUPU
005 20250731165644.0
008 150616s r 000 0 d
035 _a(Sirsi) a7325
035 _a(Sirsi) a7325
040 _aPE-LiUPU
_bspa
_cPE-LiUPU
_erda
049 _aPRUA
082 0 4 _a286.704
_bG371987
_221
111 2 _aGeneral Conference Corporation of Seventh-day Adventists
245 1 0 _aJD 1987.
264 1 _aWashington, DC. :
_bGeneral Conference Corporation of Seventh-day Adventists,
_c1987.
300 _a81 páginas :
_bilustraciones ;
_c28 cm.
336 _atext
_2rdacontent
337 _aunmediated
_2rdamedia
338 _avolume
_2rdacarrier
505 0 _aPeace and Peacemakers: A Christian Perspective. Trial by Perseverence -- Keepers of the Light -- How God Will Win His Case. Vindication Down Under: Coming Soon to a Theatre Near You. Relief From Rico. Practicing Attorney vs. Practicing Christian. Spark of Freedom. A Man for 1987. Directory of Attorneys. Directory of Law Students. 1986 and 1987 Judge Millvard C. Taft Scholarship Recipients. Alphabetical Listing of Attorneys. Fifteen Minutes More or Less.
526 _aSEG44
526 _aSEG26
526 _aP151
526 _aP150
526 _aP149
526 _aP146
526 _aP145
526 _aP126
526 _aP125
526 _aP92
526 _aP75
526 _aP74
526 _aP27
526 _aP15
650 0 4 _aDERECHO - IASD - ENSAYOS.
910 _ajck
_bjvq
_cjck
942 _2ddc
_cBOOK
949 _aRC 286.704 G37 1987
_wDEWEY
_c1
_i40768
_lRC
_mBUL
_r0
_sY
_tBOOK
_u2015-6-16
_xTEOLOGIA
_zUNKNOWN
_0COMPRA
_o.CIRCNOTE. No olvidar cambiar la fecha de devolución!!!!!!!
_o.STAFF. Colección General
994 _aC0
_bPEPRU
596 _a1
999 _aRC 286.704 G37 1987
_wDEWEY
_c58556
_i40768
_f2021-11-8
_g6
_lCCODEBUL1
_mBUL
_r1
_sY
_tBOOK
_u2015-6-16
_xTEOLOGIA
_zUNKNOWN
_0COMPRA
_o.CIRCNOTE. No olvidar cambiar la fecha de devolución!!!!!!!
_o.STAFF. Colección General
_d58556
980 _81
_gALBERTO SANCHEZ Responsable de Automatización